[Event "GBR-ch U12 106th"]
[Site "Torquay"]
[Date "2019.07.28"]
[Round "1"]
[White "Barnett Harris, Lucas"]
[Black "Mitchell, Solomon"]
[Result "1/2-1/2"]
[WhiteElo "1295"]
[BlackElo "1570"]
[PlyCount "73"]
[EventDate "2019.07.28"]
[EventType "swiss"]
[EventRounds "7"]
[EventCountry "ENG"]
[SourceTitle "EXT 2020"]
[Source "ChessBase"]
[SourceDate "2019.10.17"]
[SourceVersion "1"]
[SourceVersionDate "2019.10.17"]
[SourceQuality "1"]

1. d4 Nf6 2. c4 e6 3. Nc3 Bb4 4. Bd2 0-0 5. Nf3 d5 6. e3 c5 7. a3 Bxc3 8. Bxc3 Ne4 9. Qc2 Nxc3 10. Qxc3 cxd4 11. Nxd4 e5 12. Nf3 e4 13. Nd4 Nc6 14. Rd1 Bg4 15. Be2 Nxd4 16. Bxg4 Qh4 17. Qxd4 Qxg4 18. 0-0 dxc4 19. Qxc4 Rac8 20. Qb3 b6 21. h3 Qe2 22. Rfe1 Qc2 23. Qb4 Rfd8 24. Rd4 Rxd4 25. Qxd4 Qd3 26. Rd1 Qxd4 27. Rxd4 f5 28. Rd7 Rc2 29. b4 a6 30. Rd6 Ra2 31. Rxb6 Rxa3 32. Rb8+ Kf7 33. Ra8 Rb3 34. Rxa6 Rxb4 35. Ra7+ Kg6 36. Ra6+ Kg5 37. g3 1/2-1/2